| 000 | 00344nam a2200121Ia 4500 | ||
|---|---|---|---|
| 008 | 190723s9999 xx 000 0 und d | ||
| 020 | _a978-93-5014-546-3 | ||
| 100 | _aMadhvi Gupta | ||
| 245 | 0 | _aInstallation Maintenance and Repair Electrical Machines and Equipments | |
| 260 |
_aIndia _bKatson Books _c2014 |
||
| 300 | _a498.:P | ||
| 942 | _cBK | ||
| 999 |
_c1412 _d1412 |
||